Integration of ASM with event-B RODIN/ (Record no. 13392)
[ view plain ]
| 000 -LEADER | |
|---|---|
| fixed length control field | 00523nam a22001577a 4500 |
| 003 - CONTROL NUMBER IDENTIFIER | |
| control field | NUST |
| 082 ## - DEWEY DECIMAL CLASSIFICATION NUMBER | |
| Classification number | 200 |
| 100 ## - MAIN ENTRY--PERSONAL NAME | |
| Personal name | Innayatullah |
| 9 (RLIN) | 98562 |
| 245 ## - TITLE STATEMENT | |
| Title | Integration of ASM with event-B RODIN/ |
| Statement of responsibility, etc. | Innayatullah |
| 260 ## - PUBLICATION, DISTRIBUTION, ETC. | |
| Place of publication, distribution, etc. | Islamabad |
| Name of publisher, distributor, etc. | NUST-SEECS |
| Date of publication, distribution, etc. | 2015 |
| 300 ## - PHYSICAL DESCRIPTION | |
| Extent | 66p. |
| Other physical details | ill.; |
| Accompanying material | CD-ROM |
| 600 ## - SUBJECT ADDED ENTRY--PERSONAL NAME | |
| General subdivision | MS-Computer Science |
| 9 (RLIN) | 126511 |
| 700 ## - ADDED ENTRY--PERSONAL NAME | |
| Personal name | Supervisors: Dr. Osman Hasan, Dr. Abdul Ghafoor, Dr. Sohail Iqbal, Dr. Atif Mashkoor |
| 9 (RLIN) | 126512 |
| 856 ## - ELECTRONIC LOCATION AND ACCESS | |
| Uniform Resource Identifier | <a href="http://10.250.8.41:8080/xmlui/handle/123456789/6665">http://10.250.8.41:8080/xmlui/handle/123456789/6665</a> |
| 942 ## - ADDED ENTRY ELEMENTS (KOHA) | |
| Koha item type | Soft Copy |
| Source of classification or shelving scheme | |
| Withdrawn status | Lost status | Damaged status | Not for loan | Collection code | Permanent Location | Current Location | Shelving location | Date acquired | Total Checkouts | Full call number | Barcode | Date last seen | Price effective from | Koha item type | Source of classification or shelving scheme |
|---|---|---|---|---|---|---|---|---|---|---|---|---|---|---|---|
| Central Library (CL) | Central Library (CL) | Reference | 12/14/2015 | MSCCS-4 INN | SEECSP01790 | 12/14/2015 | 12/14/2015 | Project Report | |||||||
| Central Library (CL) | Central Library (CL) | Thesis | 06/22/2021 | 200 | CL-T-6473 | 06/22/2021 | 06/22/2021 | Project Report |
